| 000 | 02363cam a22005297a 4500 | ||
|---|---|---|---|
| 003 | CHAP | ||
| 005 | 20220329134949.0 | ||
| 008 | 971013s1962 r 00010 d | ||
| 010 | _a28744 | ||
| 011 | _a29716 | ||
| 035 | _a33827 | ||
| 040 | _cCHAP | ||
| 082 |
_a334 _bL3 |
||
| 100 | 0 | 0 |
_aLavergne, Bernard. _965144 |
| 245 | 1 | 3 |
_aLa revolución cooperativa, o el socialismo de occidente _b: tratado general de cooperativismo de consumo, instituciones y doctrinas |
| 260 |
_aMéxico : _bImprenta Universitaria, _c1962 |
||
| 300 | _a386 p. | ||
| 490 | 0 |
_aPublicaciones del Instituto de Derecho comparado. Serie E. Varios _v; 1 |
|
| 590 |
_aBATCH-UPD _b10 _c20130110 _lUCH01 _h2043 |
||
| 590 |
_aCONVERSION _b10 _c20130109 _lUCH01 _h1316 |
||
| 650 | 1 | 4 |
_aCooperativismo. _927786 |
| 830 | 0 |
_aPublicaciones del Instituto de Derecho comparado. Serie E. Varios _v; 1 _992696 |
|
| 901 | _aBK | ||
| 942 | _cLIBRO | ||
| 949 |
_a334 L3 _bBC _cBPA _d-80940 _eBPA _fc.3 _h57 _i33827 _si |
||
| 949 |
_a334 L3 _bBC _cBPA _d-80941 _eBPA _fc.4 _h58 _i33827 _si |
||
| 949 |
_a334 L3 _bBC _cBPA _d-80942 _eBPA _fc.5 _h59 _i33827 _si |
||
| 949 |
_a334 L3 _bBC _cBPA _d-80943 _eBPA _fc.6 _h60 _i33827 _si |
||
| 949 |
_a334 L3 _bBC _cBPA _d-80944 _eBPA _fc.7 _h61 _i33827 _si |
||
| 949 |
_a334 L3 _bBC _cBPA _d-80945 _eBPA _fc.8 _h62 _i33827 _si |
||
| 949 |
_a334 L3 _bBC _cBPA _d-80946 _eBPA _fc.9 _h63 _i33827 _si |
||
| 949 |
_a334 L3 _bBC _cBPA _d-80947 _eBPA _fc.10 _h64 _i33827 _si |
||
| 949 |
_a334 L3 _bBC _cBPA _d-80948 _eBPA _fc.11 _h65 _i33827 _si |
||
| 949 |
_a334 L3 _bBC _cBPA _d-80949 _eBPA _fc.12 _h66 _i33827 _si |
||
| 949 |
_a334 L3 _bBC _cBPA _d-80950 _eBPA _fc.13 _h67 _i33827 _si |
||
| 949 |
_a334 L3 _bBC _cBPA _d-80951 _eBPA _fc.14 _h68 _i33827 _si |
||
| 949 |
_a334 L3 _bBC _cBPA _d-80952 _eBPA _fc.15 _h69 _i33827 _si |
||
| 949 |
_a334 L3 _bBC _cBPA _d-80953 _eBPA _fc.16 _h70 _i33827 _si |
||
| 949 |
_a334 L3 _bBC _cBPA _d-80954 _eBPA _fc.17 _h71 _i33827 _si |
||
| 949 |
_a334 L3 _bBC _cBPA _d-80955 _eBPA _fc.18 _h72 _i33827 _si |
||
| 949 |
_a334 L3 _bBC _cBPA _d-80956 _eBPA _fc.19 _h73 _i33827 _si |
||
| 949 |
_a334 L3 _bBC _cBPA _d-80957 _eBPA _fc.20 _h74 _i33827 _si |
||
| 949 |
_a334 L3 _bBC _cBPA _d-80958 _eBPA _fc.21 _h75 _i33827 _si |
||
| 949 |
_a334 L3 _bBC _cBPA _d-80959 _eBPA _fc.22 _h76 _i33827 _si |
||
| 949 |
_a334 L3 _bBC _cLIBRO _d33724000334405 _eLIBRO _fc.2 _h56 _i33827 _mD (CICA) _si |
||
| 949 |
_a334 L3 _bBC _cLIBRO _d33724000334413 _eLIBRO _h55 _i33827 _mD (CICA) _si |
||
| 999 |
_c28744 _d28744 |
||